European Cities on the Map - Statistics

General Stats
  • This quiz has been taken 1,359 times
    1,329 since last reset
  • The average score is 30 of 33
Answers on the Map
Answers color-coded by a green-red scale on the quiz's map according to % correct below.
 
Answer Stats
City % Correct
Lisbon
99%
London
99%
Berlin
98%
Dublin
98%
Oslo
98%
Paris
98%
Athens
97%
Barcelona
97%
Moscow
97%
Helsinki
96%
Kiev
96%
Saint Petersburg
95%
Munich
94%
Reykjavik
94%
Milan
93%
Naples
93%
Vienna
93%
Copenhagen
92%
Glasgow
91%
Belfast
90%
Riga
90%
Hamburg
89%
Marseille
88%
Sofia
88%
Frankfurt
87%
Liverpool
87%
Sarajevo
86%
Rotterdam
85%
Geneva
82%
Krakow
80%
Palermo
79%
Seville
79%
Sochi
59%
No matching quizzes found
Score Distribution
Percent of People with Each Score
Percentile by Number Answered
Your Score History
You have not taken this quiz since the last reset